000 01105nam a2200253Ia 4500
003 OSt
005 20260417173228.0
006 a|||||r|||| 00| 0
007 ta
008 220926b |||||||| |||| 00| 0 hin d
024 _a62805
037 _cTheses
040 _aCRL
_cCRL
_bhin
041 _2hin
_ahin
100 _aराय, सुनील कुमार, ले.
_91235114
110 _aदिल्ली विश्वविद्यालय. कला संकाय. हिन्दी विभाग
245 0 _aवैश्वीकरण और समकालीन हिन्दी उपन्यास में चित्रित श्रम का स्वरूप
246 _aVaishvīkaraṇ aur samakālīn hindī upanyās mean chitrit shram kā svarūpa
260 _c2018
300 _a248पृ0
_ap.
_ccm.
700 _aदिल्ली विश्वविद्यालय. कला संकाय. हिन्दी विभाग
942 _cTH
_2CC
999 _c888098
_d888098